| 000 | 00419nam a2200169Ia 4500 | ||
|---|---|---|---|
| 008 | 230524s9999 xx 000 0 und d | ||
| 020 | _a9788184992281 | ||
| 082 | _bBAR | ||
| 100 |
_aBrenda Barnaby _941726 |
||
| 245 | 0 | _aBeyond the Law of Attraction | |
| 250 | _a1 | ||
| 260 |
_aMumbai _bShree Book Centre _c2010 |
||
| 300 | _a199p; | ||
| 500 | _aQuantity Number: 1 | ||
| 650 |
_aMisalliance _941727 |
||
| 942 | _cBK | ||
| 999 |
_c56186 _d56186 |
||